000 00710nam a2200229 i 4500
001 71751
003 ES-MaACL
005 20250824211722.0
007 t|
008 040818s1959 sp ||||1| spa d
100 1 _aGhelli, Nino.
_956556
245 1 0 _aEstética del cine /
_cNino Ghelli ; [traducción de Adolfo Isoardi y Antonio Ducay].
260 _aMadrid :
_bRialp,
_c1959.
300 _a285 p. ;
_c19 cm.
490 1 _aLibros de cine Rialp ;
_v16
650 7 _aEstética cinematográfica
_2embne
_912542
700 1 _aIsoardi, Adolfo.
_965583
700 1 _aDucay, Antonio.
_945807
830 1 0 _aLibros de cine Rialp
_v16
_9181163
852 _aES-MaACL
_jC-17672
999 _c71751
_d71751